BIBLIOTHÈQUE DE LA MAISON DU MEXIQUE

Logo 1 Logo 2

Marzo de labriego (notice nᵒ 2427)

détails MARC
000 -Sello discográfico
campo de control de longitud fija 00927nam a2200313 4500
005 - Identificación de versión
campo de control 20251017062706.0
035 ## - Otros números de control del sistema
Número de control del sistema 23268
099 ## - fechas locales
Tipo de ítem Koha LIBRO
100 ## - Datos de procesamiento general
Datos de procesamiento general 19980106d1965 m y1spay5003 ba
105 ## - Campo de datos codificados: Material textual, monográfico
Datos codificados de monografía a 001gy
200 1# - Título y mención de responsabilidad
Título propio Marzo de labriego
Designación general del material texto impreso
Primer mención de responsabilidad José Tiquet
Declaración de responsabilidad subsiguiente dibujos Héctor Xavier
-- opinión Carlos Pellicer
205 ## - Declaración de edición
Declaración de edición 1a ed
210 ## - Publicación, distribución, etc.
Lugar de publicación, distribución, etc. México
Nombre del editor, distribuidor, etc. Ediciones Cuadernos Americanos
Fecha de publicación, distribución, etc. 1965
215 ## - Descripción física
Designación de material específico y extensión del ítem 141 p
Otras características físicas il.
Dimensiones 22 cm
345 ## - Nota de información de adquisición
Fuente de adquisición/dirección de la suscripción [OBSOLETO] Donación
410 #1 - Series
Título Cuadernos Americanos
606 ## - Término temático usado como materia
Elemento de entrada Poesía mexicana
Subdivisión cronológica Siglo XX
Número Koha 10
660 ## - Código de área geográfica
Código MX
700 ## - Nombre personal - Responsabilidad primaria
Elemento de entrada Tiquet
Parte del nombre distinta del elemento de entrada José
Fechas 1924-2006
Número Koha 5582
702 ## - Nombre personal - Responsabilidad secundaria
Elemento de entrada Pellicer Cámara
Parte del nombre distinta del elemento de entrada Carlos
Fechas 1897-1977
Número Koha 2780
702 ## - Nombre personal - Responsabilidad secundaria
Elemento de entrada Xavier
Parte del nombre distinta del elemento de entrada Héctor
Número Koha 5600
801 #0 - Fuente de origen
Agencia cm
900 ## -
-- 1/15238
900 ## -
-- 710986805\\060198
942 ## - ELEMENTOS DE ENTRADA SECUNDARIOS (KOHA)
Tipo de ítem Koha Livre
996 ## -
-- MEX
-- 751145101
-- MMAG
-- 009396
-- 861.4 T595M
-- 20240118LIV
Exemplaires
Estatus retirado Estado de daño Estado de pérdida Fecha de adquisición Biblioteca de origen Biblioteca actual Ubicación en estantería Código de barras Precio de reemplazo Signatura topográfica completa No para préstamo Tipo de ítem Koha Nota pública Nota no pública
      05/08/2025 Casa México Paris Casa México Paris   009396 05/08/2025 861.4 T595M   Livre 20240118LIV 751145101